000
00320nam a22001337a 4500
999
_c
55030
_d
55030
008
200205b ||||| |||| 00| 0 eng d
041
_a
eng
080
_2
043.3
_a
043.3
082
_a
043.3
100
_a
0
101
_a
BTH
245
_a
SMA (Stone Mastic- Asphalt) dhe Aplikimi në Kosovë
_c
Loshaj,Y
942
_2
udc
_c
BK